El apasionante misterio del Palmar de Troya / (Record no. 30154)

MARC details
000 -LEADER
campo de control de longitud fija 00763nam a2200229 i 4500
001 - NÚMERO DE CONTROL
campo de control 30154
003 - IDENTIFICADOR DE NÚMERO DE CONTROL
campo de control ES-MaACL
005 - FECHA Y HORA DE LA ÚLTIMA TRANSACCIÓN
campo de control 20240224063056.0
007 - CAMPO FIJO DE DESCRIPCIÓN FÍSICA--INFORMACIÓN GENERAL
campo de control de longitud fija t|
008 - DATOS DE LONGITUD FIJA--INFORMACIÓN GENERAL
campo de control de longitud fija 030123s1977 sp ||||1| spa d
100 ## - ENTRADA PRINCIPAL--NOMBRE DE PERSONA
Nombre de persona Barrios, Manuel,
Fechas asociadas al nombre 1924-2012
9 (RLIN) 235239
245 13 - MENCIÓN DEL TÍTULO
Título El apasionante misterio del Palmar de Troya /
Mención de responsabilidad, etc. Manuel Barrios, María Teresa Garrido-Conde.
250 ## - MENCION DE EDICION
Mención de edición [1ª ed.].
260 ## - PUBLICACIÓN, DISTRIBUCIÓN, ETC.
Lugar de publicación, distribución, etc. Barcelona :
Nombre del editor, distribuidor, etc. Planeta,
Fecha de publicación, distribución, etc. [1977]
300 ## - DESCRIPCIÓN FÍSICA
Extensión 250 p., 1 lám. :
Otras características físicas il. ;
Dimensiones 18 cm.
490 1# - MENCIÓN DE SERIE
Mención de serie Panorama
600 14 - PUNTO DE ACCESO ADICIONAL DE MATERIA--NOMBRE DE PERSONA
Nombre de persona Virgen María-
Subdivisión general Apariciones y milagros-
Subdivisión geográfica Palmar de Troya.
9 (RLIN) 164049
700 1# - ENTRADA AGREGADA--NOMBRE PERSONAL
Nombre de persona Garrido Conde, María Teresa.
9 (RLIN) 55692
830 0# - PUNTO DE ACCESO ADICIONAL DE SERIE-TÍTULO UNIFORME
Título uniforme Panorama
9 (RLIN) 181571
852 ## - LOCALIZACIÓN
Ubicación ES-MaACL
Número de control de estantería A-6401
Sublocalización o colección R.95432
Holdings
Estatus retirado Estado de pérdida Estado de daño No para préstamo Biblioteca de origen Biblioteca actual Ubicación en estantería Fecha de adquisición Fuente de adquisición Total de préstamos Signatura topográfica completa Código de barras Visto por última vez Precio de reemplazo Tipo de ítem Koha
        Biblioteca del Ateneo de Madrid Biblioteca del Ateneo de Madrid Sala Pecera Planta 1 17/01/2008     A-6401 1031131 23/02/2023 23/02/2023 Libro impreso